| 000 | 00570nam a22001817a 4500 | ||
|---|---|---|---|
| 005 | 20161110122521.0 | ||
| 010 | _aENG-116402 | ||
| 020 |
_a9789380574271 _c1195.00 |
||
| 035 | _aEN-99934 | ||
| 037 | _bDBAD/PUB | ||
| 082 | _a324.254 | ||
| 100 | _aAhuja, M.L. | ||
| 245 |
_aIA political parties in India : _cby M.L. Ahuja _bformation,superintendence,electoral, alliances and coaliation / |
||
| 260 |
_a Delhi _bBookwell _c2012 |
||
| 270 |
_a3/79,Nirankari Colony _bDelhi _e110052 |
||
| 300 |
_axx,372p. _c22cm(Hb) |
||
| 942 |
_2ddc _cEN _mAHU _h324.254 |
||
| 999 |
_c104420 _d104420 |
||